000 01135nam0a22002531 4500
001 rc\543317
005 20260406214458.0
035 _a(NLR Aleph) 005779949
090 _a5106716
_c5106716
100 _a20030616d1987 |||y0rusy50 ca
101 0 _arus
102 _aRU
105 _aa |||||||||
200 1 _aЭпигенетические преобразования пород и руд Сибири
_e[Сб. ст.]
_fАН СССР, Всесоюз. минерал. о-во, Зап.-Сиб. отд-ние
_gОтв. ред. Н.Н. Амшинский, В.Г. Корель
210 _aНовосибирск
_cНаука. Сиб. отд-ние
_d1987
215 _a134, [2] с.
_cил.
_d22
320 _aБиблиогр. в конце ст.
702 1 _aАмшинский
_bН.Н.
_gНиколай Николаевич
_4340
712 0 2 _aВсесоюзное минералогическое общество
_cЛенинград
_bЗападно-Сибирское отделение
_3RU\NLR\AUTH\889972276
_9441075
801 0 _aRU
_bNLR
_gpsbo
801 1 _aRU
_bELAR
_2rusmarc
852 _aNLR
_j87-5/4397
942 _cBOOK
980 _aNB